| 000 | 00763nam a2200229Ia 4500 | ||
|---|---|---|---|
| 008 | 220216s9999 xx 000 0 und d | ||
| 100 | _aKala R G | ||
| 245 | 0 | _aSecondary embryogenesis and plant regeneration from leaf derived somatic embryos of Hevea brasiliensis | |
| 260 |
_bPLACROSYM XVIII. 10-13 December 2008, National Research Centre for Cashew, Puttur, Karnataka. Journal of Plantation Crops, 36 (3):218-222. _c2008 |
||
| 650 | _aHypocotyls | ||
| 650 | _aLeaf explants | ||
| 650 | _aSecondary embryogenesis | ||
| 650 | _aSomatic embryogenesis | ||
| 700 | _aJayasree P K | ||
| 700 | _aJayasree R | ||
| 700 | _aKuruvila P | ||
| 700 | _aRekha K | ||
| 700 | _aSobha S | ||
| 700 | _aSushamakumari S | ||
| 700 | _aThulaseedharan A | ||
| 942 | _cBS | ||
| 999 |
_c48874 _d48874 |
||